00490nam a2200157 a 4500040001200000082002600012100002300038245005700061260004800118300003200166650001400198650003100212700002000243710001700263856005200280 cCaPaEBR04a968 OXF 1988 A103 Or.1 aRotberg, Robert I.14aThe founderbCecil Rhodes and the pursuit of power / aNew York :bOxford University Press,c1988. axxii, 800 p. :bill., maps. 0aStatesmen 0aCapitalists and financiers1 aShore, Miles F.2 aebrary, Inc.40uhttp://site.ebrary.com/lib/yale/Doc?id=10472281